<?xml version="1.0" encoding="UTF-8"?>
<record
    xmlns:xsi="http://www.w3.org/2001/XMLSchema-instance"
    xsi:schemaLocation="http://www.loc.gov/MARC21/slim http://www.loc.gov/standards/marcxml/schema/MARC21slim.xsd"
    xmlns="http://www.loc.gov/MARC21/slim">

  <leader>00887nam a2200229Ia 4500</leader>
  <datafield tag="999" ind1=" " ind2=" ">
    <subfield code="c">41271</subfield>
    <subfield code="d">41271</subfield>
  </datafield>
  <controlfield tag="001">7926</controlfield>
  <controlfield tag="003">GE_BSU</controlfield>
  <controlfield tag="005">20221003114045.0</controlfield>
  <controlfield tag="008">181216s2011ru  xx |||||||||||||| ||rus||</controlfield>
  <datafield tag="020" ind1=" " ind2=" ">
    <subfield code="a">9785713313944</subfield>
  </datafield>
  <datafield tag="040" ind1=" " ind2=" ">
    <subfield code="c">GE_BSU</subfield>
  </datafield>
  <datafield tag="041" ind1=" " ind2=" ">
    <subfield code="a">rus</subfield>
  </datafield>
  <datafield tag="080" ind1=" " ind2=" ">
    <subfield code="a">327  &#x412;-88</subfield>
  </datafield>
  <datafield tag="100" ind1=" " ind2=" ">
    <subfield code="a">&#x412;&#x443;&#x434;,&#x414;&#x436;.</subfield>
    <subfield code="9">14948</subfield>
  </datafield>
  <datafield tag="245" ind1=" " ind2=" ">
    <subfield code="a">&#x414;&#x438;&#x43F;&#x43B;&#x43E;&#x43C;&#x430;&#x442;&#x438;&#x447;&#x435;&#x441;&#x43A;&#x438;&#x439; &#x446;&#x435;&#x440;&#x435;&#x43C;&#x43E;&#x43D;&#x438;&#x430;&#x43B; &#x438; &#x43F;&#x440;&#x43E;&#x442;&#x43E;&#x43A;&#x43E;&#x43B; /</subfield>
    <subfield code="c">&#x414;&#x436;. &#x412;&#x443;&#x434;, &#x41F;&#x435;&#x440;.&#x441; &#x430;&#x43D;&#x433;&#x43B;. &#x42E;.&#x41F;. &#x41A;&#x43B;&#x44E;&#x43A;&#x438;&#x43D;&#x430;</subfield>
  </datafield>
  <datafield tag="264" ind1=" " ind2=" ">
    <subfield code="a">&#x41C;&#x43E;&#x441;&#x43A;&#x432;&#x430; :</subfield>
    <subfield code="b">&#x41C;&#x435;&#x436;&#x434;&#x443;&#x43D;&#x430;&#x440;&#x43E;&#x434;&#x43D;&#x44B;&#x435; &#x43E;&#x442;&#x43D;&#x43E;&#x448;&#x435;&#x43D;&#x438;&#x44F;,</subfield>
    <subfield code="c">2011.</subfield>
  </datafield>
  <datafield tag="300" ind1=" " ind2=" ">
    <subfield code="a">416 &#x441;&#x442;&#x440;;</subfield>
    <subfield code="c">22 &#x441;&#x43C;.</subfield>
  </datafield>
  <datafield tag="653" ind1=" " ind2=" ">
    <subfield code="a">&#x414;&#x438;&#x43F;&#x43B;&#x43E;&#x43C;&#x430;&#x442;&#x438;&#x447;&#x435;&#x441;&#x43A;&#x438;&#x439; &#x446;&#x435;&#x440;&#x435;&#x43C;&#x43E;&#x43D;&#x438;&#x430;&#x43B; &#x438; &#x43F;&#x440;&#x43E;&#x442;&#x43E;&#x43A;&#x43E;&#x43B;</subfield>
  </datafield>
  <datafield tag="653" ind1=" " ind2=" ">
    <subfield code="a">&#x10D3;&#x10D8;&#x10DE;&#x10DA;&#x10DD;&#x10DB;&#x10D0;&#x10E2;&#x10D8;&#x10E3;&#x10E0;&#x10D8; &#x10EA;&#x10D4;&#x10E0;&#x10D4;&#x10DB;&#x10DD;&#x10DC;&#x10D8;&#x10D0; &#x10D3;&#x10D0; &#x10DE;&#x10E0;&#x10DD;&#x10E2;&#x10DD;&#x10D9;&#x10DD;&#x10DA;&#x10D8;</subfield>
  </datafield>
  <datafield tag="700" ind1=" " ind2=" ">
    <subfield code="a">&#x41A;&#x43B;&#x44E;&#x43A;&#x438;&#x43D;&#x430;,  &#x42E;.&#x41F;.</subfield>
    <subfield code="e">&#x10DB;&#x10D7;&#x10D0;&#x10E0;&#x10D2;&#x10DB;&#x10DC;&#x10D4;&#x10DA;&#x10D8;</subfield>
    <subfield code="9">14949</subfield>
  </datafield>
  <datafield tag="942" ind1=" " ind2=" ">
    <subfield code="c">BK</subfield>
    <subfield code="2">udc</subfield>
  </datafield>
  <datafield tag="952" ind1=" " ind2=" ">
    <subfield code="0">0</subfield>
    <subfield code="1">0</subfield>
    <subfield code="2">udc</subfield>
    <subfield code="4">0</subfield>
    <subfield code="6">327_&#x412;88</subfield>
    <subfield code="7">0</subfield>
    <subfield code="9">47630</subfield>
    <subfield code="a">CPL</subfield>
    <subfield code="b">CPL</subfield>
    <subfield code="c">GEN</subfield>
    <subfield code="d">2018-12-17</subfield>
    <subfield code="g">40.00</subfield>
    <subfield code="o">327  &#x412;-88</subfield>
    <subfield code="p">24399</subfield>
    <subfield code="r">2018-12-17</subfield>
    <subfield code="t">24399</subfield>
    <subfield code="w">2018-12-17</subfield>
    <subfield code="y">BK</subfield>
    <subfield code="z">40.00</subfield>
  </datafield>
</record>
